000
00316nam a2200109Ia 4500
008
160531s9999 xx 000 0 und d
100
_a
Hu, Sen.
245
_a
Combinatorics and Algebra of Tensor Calculus
245
_c
by Sen Hu, Xuexing Lu, Yu Ye
260
_c
2015
856
_u
http://arxiv.org/pdf/1501.01790v1.pdf
999
_c
295147
_d
295147